[Event "Sherbrooke op-C"]
[Site "Sherbrooke"]
[Date "2004.05.28"]
[Round "1"]
[White "Brousseau, Stephane"]
[Black "Lavoie, Raymond"]
[Result "1-0"]
[WhiteElo "1399"]
[BlackElo "1129"]
[PlyCount "75"]
[EventDate "2004.05.??"]
[EventType "swiss"]
[EventRounds "5"]
[EventCountry "CAN"]
[SourceTitle "EXT 2006"]
[Source "ChessBase"]
[SourceDate "2005.11.24"]
[SourceVersion "1"]
[SourceVersionDate "2005.11.24"]
[SourceQuality "1"]

1. d4 d6 2. c4 e5 3. dxe5 Be7 4. exd6 Bxd6 5. Nc3 Nc6 6. e4 Be6 7. Nf3 Qe7 8. Be2 0-0-0 9. Bd2 Nf6 10. a3 h6 11. b4 Bg4 12. c5 Be5 13. Nxe5 Nxe5 14. Bxg4+ Nfxg4 15. 0-0 Qh4 16. h3 Rd3 17. Qe2 Rxh3 18. gxh3 Qxh3 19. f3 Nf6 20. Bf4 Ng6 21. Qh2 Qd7 22. Rad1 Qe6 23. Bxc7 Nd7 24. Nb5 Nge5 25. Rd5 a6 26. Bxe5 axb5 27. Rfd1 f6 28. Rxd7 fxe5 29. Qd2 Qg6+ 30. Qg2 Qf6 31. Qxg7 Qg5+ 32. Qxg5 hxg5 33. Rg7 Rh5 34. Rd5 Rh3 35. Rxe5 Kb8 36. Kg2 Rh8 37. Rexg5 Rd8 38. Rg8 1-0